Famous or infamous people throughout history - Statistics

General Stats
  • This quiz has been taken 202 times
    170 since last reset
  • The average score is 56 of 136
Answer Stats
Picture Answer % Correct
Abraham Lincoln
98%
Barack Obama
87%
Napoleon Bonaparte
87%
Albert Einstein
86%
Stephen Hawking
86%
Ludwig van Beethoven
84%
William Shakespeare
82%
Vladimir Putin
79%
Adolf Hitler
78%
Joe Biden
77%
Bill Gates
76%
Grigori Rasputin
76%
Steve Jobs
76%
Franklin D. Roosevelt
75%
Martin Luther King Jr.
75%
Mahatma Gandhi
74%
Donald Trump
73%
Joseph Stalin
73%
John F. Kennedy
71%
Winston Churchill
71%
Elvis Presley
70%
Elon Musk
69%
Hillary Clinton
69%
George Washington
64%
Marilyn Monroe
64%
Mark Zuckerberg
63%
Michelle Obama
63%
Nikola Tesla
63%
Ronald Reagan
63%
Wolfgang Amadeus Mozart
63%
Vladimir Lenin
62%
Benjamin Franklin
60%
Ellen DeGeneres
60%
Frank Sinatra
59%
Johnny Depp
57%
Lionel Messi
57%
Bill Clinton
56%
Mother Teresa of Calcutta
56%
Victoria
55%
Boris Johnson
54%
Christopher Columbus
54%
Henry VIII
54%
Theodore Roosevelt
54%
Benito Mussolini
53%
Jeff Bezos
53%
Martin Luther
53%
Michael Jackson
53%
Woodrow Wilson
53%
Che Guevara
52%
Elizabeth II
51%
Alfred Hitchcock
50%
Gordon Ramsay
50%
Kim Jong-un
50%
Al Capone
49%
Jack the Ripper
49%
Karl Marx
49%
Thomas Jefferson
49%
John Lennon
48%
Freddie Mercury
47%
Muhammad Ali
47%
Stan Lee
47%
Steven Spielberg
45%
Angela Merkel
44%
Johann Sebastian Bach
44%
Mikhail Gorbachev
44%
Sir Isaac Newton
44%
Steve Irwin
44%
Walt Disney
44%
Bill Nye
42%
Quentin Tarantino
42%
Danny DeVito
41%
Stephen King
41%
Al Gore
40%
Arnold Schwarzenegger
40%
Genghis Khan
40%
George Lucas
40%
Thomas Edison
40%
Emmanuel Macron
39%
Sigmund Freud
38%
Gaius Julius Caesar
37%
Robin Williams
37%
Socrates
37%
Michael Jordan
36%
Harry Houdini
35%
Amelia Earhart
34%
Leonardo da Vinci
34%
''Weird Al'' Yankovic
34%
Edgar Allan Poe
33%
Johnny Cash
33%
Neil DeGrasse Tyson
33%
Bill Cosby
31%
Charles Dickens
31%
Frederick Douglass
31%
Eleanor Roosevelt
30%
Andrew Jackson
28%
George R. R. Martin
27%
Julia Child
27%
Alexander Hamilton
25%
Ivan the Terrible
25%
Edward Thatch
24%
Trevor Noah
24%
J. Robert Oppenheimer
21%
Carl Sagan
19%
Jim Henson
19%
Alexander the Great
18%
David Copperfield
18%
Francisco Franco
18%
Sonny Moore
18%
Voltaire
16%
Charles Darwin
15%
Friedrich Nietzsche
14%
Pablo Picasso
14%
Guy Fawkes
13%
Michelangelo
12%
Rick Astley
12%
Randy Savage
11%
Alexander Graham Bell
10%
Cleopatra
9%
Sun Tzu
9%
Billy Mays
8%
Bo Burnham
8%
Raphael
8%
H. P. Lovecraft
6%
Jacques Cousteau
5%
Theodore Seuss
5%
John Hancock
3%
Miguel de Cervantes
3%
Pythagoras
3%
Stanley Kubrick
3%
Anne Bonny
2%
Arthur Conan Doyle
2%
Donatello
2%
Frederick Abberline
1%
J. R. R. Tolkien
1%
Vir Das
1%
Mary Read
0%
No matching quizzes found
Score Distribution
Percent of People with Each Score
Percentile by Number Answered
Your Score History
You have not taken this quiz since the last reset